[Event "Gelsenkirchen Silvester op 3rd"]
[Site "Gelsenkirchen"]
[Date "2015.12.29"]
[Round "5"]
[White "Schelwokat, Peter"]
[Black "Gausmann, Thomas"]
[Result "1-0"]
[WhiteElo "1976"]
[BlackElo "1444"]
[PlyCount "80"]
[EventDate "2015.12.27"]
[EventType "swiss"]
[EventRounds "5"]
[EventCountry "GER"]
[SourceTitle "EXT 2019"]
[Source "ChessBase"]
[SourceDate "2018.10.10"]
[SourceVersion "1"]
[SourceVersionDate "2018.10.10"]
[SourceQuality "1"]

1. e4 e5 2. Nf3 Nc6 3. d4 exd4 4. Nxd4 Bc5 5. Be3 Qf6 6. c3 Nge7 7. Bc4 0-0 8. 0-0 Bb6 9. Qd2 d6 10. Na3 Ne5 11. Be2 N7c6 12. Bg5 Qg6 13. Nac2 f6 14. Bh4 Qxe4 15. Bg3 Bd7 16. Rae1 Qd5 17. b3 Rae8 18. f4 Nf7 19. Bf3 Qf5 20. Bf2 Nxd4 21. cxd4 Bb5 22. Rxe8 Rxe8 23. Rc1 Nd8 24. a4 Bd7 25. g4 Qa5 26. Qd3 Nc6 27. Qc4+ Kh8 28. b4 Qxa4 29. Ra1 Na5 30. Qf7 Qxc2 31. Qxd7 Rg8 32. bxa5 Qc3 33. Kg2 Qxa1 34. axb6 axb6 35. Qf5 Rf8 36. h4 Qa2 37. d5 g6 38. Qe6 Kg7 39. Kg3 Qb3 40. g5 f5 1-0

[Event "Gelsenkirchen Silvester op 3rd"]
[Site "Gelsenkirchen"]
[Date "2015.12.27"]
[Round "1"]
[White "Schelwokat, Peter"]
[Black "Demond, Ricardo"]
[Result "1-0"]
[WhiteElo "1976"]
[BlackElo "1721"]
[PlyCount "41"]
[EventDate "2015.12.27"]
[EventType "swiss"]
[EventRounds "5"]
[EventCountry "GER"]
[SourceTitle "EXT 2019"]
[Source "ChessBase"]
[SourceDate "2018.10.10"]
[SourceVersion "1"]
[SourceVersionDate "2018.10.10"]
[SourceQuality "1"]

1. e4 d5 2. exd5 Qxd5 3. Nc3 Qa5 4. d4 Nf6 5. Bd2 Qb6 6. Nf3 Bg4 7. Be2 c6 8. Ne5 Bxe2 9. Qxe2 Qxd4 10. 0-0-0 e6 11. Rhe1 Bb4 12. Nxf7 Kxf7 13. Qxe6+ Kg6 14. Re4 Re8 15. Qxe8+ Nxe8 16. Rxd4 Na6 17. a3 Bc5 18. Rg4+ Kf7 19. Ne4 Bb6 20. Bc3 Nac7 21. Bxg7 1-0

[Event "Gelsenkirchen Silvester op 1st"]
[Site "Gelsenkirchen"]
[Date "2013.12.29"]
[Round "4"]
[White "Schelwokat, Peter"]
[Black "Hirschberg, Markus"]
[Result "1-0"]
[WhiteElo "1951"]
[BlackElo "1732"]
[PlyCount "79"]
[EventDate "2013.12.27"]
[EventType "swiss"]
[EventRounds "5"]
[EventCountry "GER"]
[SourceTitle "EXT 2019"]
[Source "ChessBase"]
[SourceDate "2018.10.10"]
[SourceVersion "1"]
[SourceVersionDate "2018.10.10"]
[SourceQuality "1"]

1. b3 e5 2. Bb2 d6 3. e3 Nf6 4. d3 g6 5. Nf3 Bg7 6. Nbd2 0-0 7. Be2 Be6 8. d4 e4 9. Ng5 d5 10. Nxe6 fxe6 11. 0-0 Nbd7 12. f3 exf3 13. Bxf3 c5 14. c4 cxd4 15. exd4 Qb6 16. c5 Qc7 17. b4 b6 18. Nb3 bxc5 19. dxc5 Rfb8 20. a3 a5 21. Bc3 axb4 22. axb4 Rxa1 23. Qxa1 e5 24. Re1 e4 25. Be2 Ne8 26. Bxg7 Nxg7 27. Qd4 Qe5 28. Qxe5 Nxe5 29. b5 Ne6 30. Rd1 Nf4 31. Bf1 Kf8 32. Nd4 Ke7 33. Ra1 h5 34. Ra7+ Kf6 35. c6 e3 36. c7 Rc8 37. b6 e2 38. Nxe2 Nxe2+ 39. Bxe2 Nc6 40. b7 1-0

[Event "Goch op 24th"]
[Site "Goch"]
[Date "2013.09.06"]
[Round "2"]
[White "Schelwokat, Peter"]
[Black "Heinemann, Ernst"]
[Result "1/2-1/2"]
[WhiteElo "1955"]
[BlackElo "2119"]
[PlyCount "49"]
[EventDate "2013.09.05"]
[EventType "swiss"]
[EventRounds "7"]
[EventCountry "GER"]
[SourceTitle "EXT 2015"]
[Source "ChessBase"]
[SourceDate "2014.11.20"]
[SourceVersion "1"]
[SourceVersionDate "2014.11.20"]
[SourceQuality "1"]

1. c4 c5 2. Nc3 g6 3. g3 Bg7 4. Bg2 Nc6 5. e3 d6 6. Nge2 e5 7. b3 Nge7 8. 0-0 0-0 9. Bb2 Rb8 10. Nd5 Nxd5 11. Bxd5 Bh3 12. Bg2 Bxg2 13. Kxg2 d5 14. d3 Qd7 15. Nc3 Ne7 16. Qe2 Rbe8 17. e4 dxe4 18. dxe4 Nc6 19. Nd5 f5 20. f3 Nd4 21. Qd3 Rf7 22. Rac1 fxe4 23. Qxe4 Ref8 24. f4 exf4 25. Rxf4 1/2-1/2

[Event "Goch op 24th"]
[Site "Goch"]
[Date "2013.09.05"]
[Round "1"]
[White "Melde, Benjamin"]
[Black "Schelwokat, Peter"]
[Result "0-1"]
[WhiteElo "1256"]
[BlackElo "1955"]
[PlyCount "48"]
[EventDate "2013.09.05"]
[EventType "swiss"]
[EventRounds "7"]
[EventCountry "GER"]
[SourceTitle "EXT 2015"]
[Source "ChessBase"]
[SourceDate "2014.11.20"]
[SourceVersion "1"]
[SourceVersionDate "2014.11.20"]
[SourceQuality "1"]

1. e4 e5 2. Nf3 Nc6 3. Bc4 Bc5 4. c3 Nf6 5. d3 0-0 6. Bg5 Be7 7. Nbd2 d6 8. b4 Bg4 9. h3 Bh5 10. 0-0 Nd7 11. Bxe7 Qxe7 12. a4 Nd8 13. Qc2 Rc8 14. Rac1 Bg6 15. b5 Kh8 16. Ba2 f5 17. exf5 Bxf5 18. Nc4 Bxh3 19. gxh3 Rxf3 20. Kg2 Rf4 21. Rg1 Ne6 22. Rcf1 Rcf8 23. Ne3 Qh4 24. Bxe6 Nc5 0-1

[Event "Ruhrgebiet Regionalliga 0708"]
[Site "Germany"]
[Date "2007.09.23"]
[Round "1.5"]
[White "Schelwokat, Peter"]
[Black "Humburg, Juergen"]
[Result "0-1"]
[WhiteElo "1965"]
[BlackElo "2132"]
[PlyCount "80"]
[EventDate "2007.09.16"]
[EventType "team-tourn"]
[EventRounds "9"]
[EventCountry "GER"]
[SourceTitle "EXT 2009"]
[Source "ChessBase"]
[SourceDate "2008.11.26"]
[SourceVersion "1"]
[SourceVersionDate "2008.11.26"]
[SourceQuality "1"]
[WhiteTeam "Gladbeck SG"]
[BlackTeam "Oberhausen"]
[WhiteTeamCountry "GER"]
[BlackTeamCountry "GER"]

1. e4 e5 2. Nf3 Nc6 3. Bb5 a6 4. Bxc6 dxc6 5. d4 exd4 6. Qxd4 Qxd4 7. Nxd4 c5 8. Nf3 Bd6 9. 0-0 f6 10. Re1 Be6 11. b3 Ne7 12. Bb2 0-0-0 13. c4 Nc6 14. Nc3 Nd4 15. Nxd4 cxd4 16. Ne2 c5 17. Rad1 Rhe8 18. Nc1 Bf7 19. f3 g5 20. Nd3 b6 21. g3 Re7 22. Re2 Rde8 23. Rde1 Bg6 24. b4 Bf7 25. bxc5 bxc5 26. Rc1 Kc7 27. Ba3 Kc6 28. Kf2 g4 29. Rcc2 gxf3 30. Kxf3 Bg6 31. Rcd2 f5 32. e5 Bh5+ 33. Kf4 Bxe2 34. exd6 Re4+ 35. Kxf5 Bxd3 36. Rxd3 Kxd6 37. g4 Re3 38. Rxd4+ Kc6 39. Rd5 Rxa3 40. h4 Rf3+ 0-1

[Event "Ruhrgebiet VK3 0304"]
[Site "Ruhrgebiet"]
[Date "2004.02.29"]
[Round "7.5"]
[White "Riek, Wolfgang"]
[Black "Schelwokat, Peter"]
[Result "0-1"]
[WhiteElo "1770"]
[BlackElo "1917"]
[PlyCount "124"]
[EventDate "2003.09.28"]
[EventType "team-tourn"]
[EventRounds "9"]
[EventCountry "GER"]
[SourceTitle "EXT 2007"]
[Source "ChessBase"]
[SourceDate "2006.11.23"]
[SourceVersion "1"]
[SourceVersionDate "2006.11.23"]
[SourceQuality "1"]
[WhiteTeam "Muelheim Heissen II"]
[BlackTeam "Buer"]
[WhiteTeamCountry "GER"]
[BlackTeamCountry "GER"]

1. d4 Nf6 2. c4 c5 3. d5 b5 4. cxb5 a6 5. e3 axb5 6. Bxb5 g6 7. Nc3 Bg7 8. Nf3 0-0 9. 0-0 d6 10. e4 Qb6 11. Re1 Ng4 12. Qe2 Ba6 13. Bxa6 Nxa6 14. h3 Ne5 15. Nxe5 Bxe5 16. Bh6 Rfb8 17. Nd1 Nc7 18. a3 e6 19. Qd2 exd5 20. exd5 Qb3 21. Nc3 Qxb2 22. Qxb2 Rxb2 23. Rxe5 dxe5 24. d6 Ne6 25. Nd5 f5 26. Re1 Rd8 27. Ne7+ Kf7 28. Nc6 Rxd6 29. Nxe5+ Kf6 30. Nc4 Rdb6 31. Nxb6 Rxb6 32. Ra1 f4 33. h4 Kf5 34. f3 c4 35. Rc1 Rc6 36. Kf2 Ke5 37. g3 fxg3+ 38. Kxg3 Kd4 39. Kf2 Kd3 40. Be3 c3 41. a4 c2 42. a5 Kc3 43. Ke2 Kb2 44. Kd2 Rd6+ 45. Ke1 Nd4 46. Kf2 Nb3 47. Re1 Nxa5 48. Bc1+ Kc3 49. Re3+ Kc4 50. Bb2 Rd3 51. Ke2 Rxe3+ 52. Kxe3 Kb3 53. Bc1 Nc4+ 54. Kf4 Kc3 55. Kg5 Kd3 56. Kh6 Ke2 57. Kxh7 Kd1 58. Bf4 Nd2 59. Bxd2 Kxd2 60. Kxg6 c1Q 61. h5 Qc8 62. h6 Qg8+ 0-1

[Event "Ruhrgebiet VK3 0304"]
[Site "Ruhrgebiet"]
[Date "2004.02.08"]
[Round "6.5"]
[White "Schelwokat, Peter"]
[Black "Borowski, Markus"]
[Result "1/2-1/2"]
[WhiteElo "1917"]
[BlackElo "1854"]
[PlyCount "38"]
[EventDate "2003.09.28"]
[EventType "team-tourn"]
[EventRounds "9"]
[EventCountry "GER"]
[SourceTitle "EXT 2007"]
[Source "ChessBase"]
[SourceDate "2006.11.23"]
[SourceVersion "1"]
[SourceVersionDate "2006.11.23"]
[SourceQuality "1"]
[WhiteTeam "Buer"]
[BlackTeam "Hoentrop SG"]
[WhiteTeamCountry "GER"]
[BlackTeamCountry "GER"]

1. e4 e5 2. Nf3 Nf6 3. Nxe5 d6 4. Nf3 Nxe4 5. d4 d5 6. h3 Nc6 7. a3 Be7 8. Bd3 0-0 9. c4 Re8 10. 0-0 Be6 11. Bxe4 dxe4 12. d5 exf3 13. dxe6 fxg2 14. exf7+ Kxf7 15. Qh5+ Kg8 16. Rd1 Qc8 17. Nc3 Bd6 18. Kxg2 Re5 19. Qg4 Qxg4+ 1/2-1/2

[Event "Bad Zwesten op 7th"]
[Site "Bad Zwesten"]
[Date "2003.??.??"]
[Round "7"]
[White "Blome, Thomas"]
[Black "Schelwokat, Peter"]
[Result "1/2-1/2"]
[WhiteElo "1820"]
[BlackElo "2077"]
[PlyCount "109"]
[EventDate "2003.01.02"]
[EventType "swiss"]
[EventRounds "9"]
[EventCountry "GER"]
[SourceTitle "CBM 092 Extra"]
[Source "ChessBase"]
[SourceDate "2003.03.07"]
[SourceVersion "1"]
[SourceVersionDate "2003.03.07"]
[SourceQuality "1"]

1. b3 e5 2. Bb2 Nc6 3. e3 g6 4. Nf3 d6 5. d4 exd4 6. Nxd4 f6 7. Bb5 Bd7 8. Qf3 Nxd4 9. Bxd7+ Qxd7 10. Bxd4 c5 11. Bb2 Bg7 12. 0-0 Ne7 13. Rd1 0-0 14. c4 Rad8 15. Nc3 f5 16. Rd2 Qc6 17. Qxc6 bxc6 18. Rad1 Nc8 19. Na4 Rde8 20. Bxg7 Kxg7 21. Nc3 Kf6 22. a3 a5 23. Rb2 Ke6 24. Na4 Rf7 25. b4 axb4 26. axb4 Ra7 27. Nc3 Nb6 28. bxc5 Nxc4 29. Rb4 d5 30. e4 fxe4 31. Nxe4 Rea8 32. Ng5+ Kf5 33. h4 Ra1 34. Rxa1 Rxa1+ 35. Kh2 Ra5 36. Kh3 h5 37. Rb7 Ke5 38. Nf3+ Ke4 39. Re7+ Kd3 40. Re6 Rxc5 41. Rxg6 d4 42. Rg5 Rb5 43. g4 hxg4+ 44. Kxg4 Ke4 45. Rxb5 cxb5 46. h5 d3 47. h6 Ne5+ 48. Nxe5 d2 49. f3+ Kxe5 50. h7 d1Q 51. h8Q+ Ke6 52. Qg8+ Ke7 53. Qg5+ Kf7 54. Qxb5 Qg1+ 55. Kf4 1/2-1/2

[Event "Bad Zwesten op 7th"]
[Site "Bad Zwesten"]
[Date "2003.??.??"]
[Round "8"]
[White "Foermes, Alexander"]
[Black "Schelwokat, Peter"]
[Result "0-1"]
[WhiteElo "1885"]
[BlackElo "2077"]
[PlyCount "82"]
[EventDate "2003.01.02"]
[EventType "swiss"]
[EventRounds "9"]
[EventCountry "GER"]
[SourceTitle "CBM 092 Extra"]
[Source "ChessBase"]
[SourceDate "2003.03.07"]
[SourceVersion "1"]
[SourceVersionDate "2003.03.07"]
[SourceQuality "1"]

1. c4 c6 2. b3 d5 3. Bb2 Bf5 4. Nf3 e6 5. g3 Nf6 6. Bg2 Nbd7 7. 0-0 Be7 8. d3 0-0 9. Nbd2 h6 10. Re1 Bh7 11. Rc1 Qb6 12. h3 Rfd8 13. Qc2 Nh5 14. Nf1 Bf6 15. Bxf6 Nhxf6 16. c5 Qc7 17. N1d2 Re8 18. Qc3 Rad8 19. e4 e5 20. Nh4 dxe4 21. dxe4 Nxc5 22. Qxc5 Rxd2 23. Qxa7 g5 24. Nf5 Bxf5 25. exf5 Qc8 26. Rcd1 Rxd1 27. Rxd1 Qa8 28. Qxa8 Rxa8 29. a4 Kf8 30. Kf1 Ke7 31. Ke2 h5 32. Ke3 Nd7 33. Rc1 Kd6 34. Kd3 Nb6 35. Rd1 Ke7 36. Kc3 g4 37. Kb4 gxh3 38. Bxh3 Nd5+ 39. Kc4 Kf6 40. Kd3 Rd8 41. Rc1 Nf4+ 0-1